Kvalita izolace dálkových plynovodů ve vazbě na omezení ztrát plynu

Bibliographic Details
Main Author: Wolf, Karel (Author)
Format: Article
Language:Czech
Slovak
PhysicalDescription:Lit. 7 zázn. v slov., češ.
Subjects:

MARC

LEADER 00000nab a2200000 a 4500
001 vtls000439615
003 SK-MaSNL
005 20260303182931.0
008 160204c1991 xo 0 cze
015 |a SNBRA19rr/mm-uuuuu 
035 |a CL0439743 
040 |a SNKBUCL  |b slo  |c SNKBUCL  |e AACR2 
041 0 |a slo 
044 |a xo  |c SK 
080 |a 621.644.02:620.193  |2 1981 
080 |a 620.193  |2 1981 
100 1 |a Wolf, Karel  |4 aut  |9 495715 
245 1 0 |a Kvalita izolace dálkových plynovodů ve vazbě na omezení ztrát plynu  |c Karel Wolf 
300 |b Lit. 7 zázn. v slov., češ. 
650 0 7 |a diaľkové plynovody  |2 snkbucl  |9 1211513 
650 0 7 |a izolácia potrubí  |2 snkbucl  |9 1211514 
650 0 7 |a korózia kovov  |2 snkbucl  |9 326781 
655 7 |a články zo zborníkov  |2 snkbucl  |9 166140 
773 0 |t Korózia v naftovom a plynárenskom priemysle  |d Košice : Dom techniky ZSVTS, 1991 
850 |a Slovenská národná knižnica v Martine  |a MTA001 
852 |a SNK  |b KIS3GCP 
958 |a NB 
958 |a RK 
958 |a CZ 
992 |a RZB 
999 |c 2118739  |d 2120669